000 00771 a2200277 4500
502 _aThèse de Doctorat
260 _aWageningen
653 1 _aAgronomie
100 _aVAN'T RIET, Hilda
041 _bEn
260 _bUniversité de Wageningen
300 _a117 p.
245 _aThe role of street foods in the diet of low-income urban residents : the case of Nairobi
650 _aDIET
650 _aSTREET FOOD
260 _c05 Mars 2002
300 _bIll., Couv. ill. ; 24 cm
130 _lEn
040 _aSupport
041 _bEn
653 1 _aNutrition et Sciences Alimentaires
100 _uAbomey-Calavi, Université d'Abomey-Calavi, Faculté des Sciences Agronomiques, Bj
651 _aNAIROBI
020 _a90-5808-589-9
999 _c31848
_d31848